Energy economics and policy

Αποθηκεύτηκε σε:
Λεπτομέρειες βιβλιογραφικής εγγραφής
Κύριος συγγραφέας: Griffin, James M., 1944-
Άλλοι συγγραφείς: Steele, Henry (Henry B.), 1931-
Μορφή: Βιβλίο
Γλώσσα:English
Δημοσίευση: New York : Academic Press, c1980
Θέματα:
Ετικέτες: Προσθήκη ετικέτας
Δεν υπάρχουν, Καταχωρήστε ετικέτα πρώτοι!

MARC

LEADER 00000cam a2200000 i 4500
001 1/18627
008 120327s1980 eng d
020 |a 0-12-303950-9 
035 |l 10112137 
040 |a GR-MY-UA  |b gre  |e aacr 
041 0 |a eng 
082 0 |a 333.79  |2 (22) 
100 1 |a Griffin, James M.,   |d 1944- 
245 1 0 |a Energy economics and policy /  |c James M. Griffin, Henry B. Steele 
260 |a New York :   |b Academic Press,   |c c1980 
300 |a xiii, 370 σ.;  |c 24 εκ. 
504 |a Βιβλιογραφία: σ.354-357 
650 0 0 |a Power resources. 
650 0 0 |a Energy policy. 
650 0 0 |a Energy development. 
650 0 0 |a Energy conservation. 
700 1 |a Steele, Henry   |q (Henry B.),   |d 1931- 
852 |a INST  |b SAMOS  |e 20120327  |h 333.79 GRI  |p 005300033918  |q 005300033918  |t BK  |y 0 
901 |a BIBL3-2012-1 
909 |a Σ  |b 172179 
970 |a ΓΟΥΒΑΛΑ  |b ΒΑΣΩ  |z 2012/03/27